Detalles MARC
| 000 -LEADER |
| fixed length control field |
02419nam a2200349 i 4500 |
| 001 - CONTROL NUMBER |
| control field |
000047339 |
| 003 - CONTROL NUMBER IDENTIFIER |
| control field |
DO-SdBNP |
| 005 - DATE AND TIME OF LATEST TRANSACTION |
| control field |
20240516115415.0 |
| 007 - PHYSICAL DESCRIPTION FIXED FIELD--GENERAL INFORMATION |
| fixed length control field |
ta |
| 008 - FIXED-LENGTH DATA ELEMENTS--GENERAL INFORMATION |
| fixed length control field |
180504s2016 dr d 001 0 spa d |
| 020 ## - INTERNATIONAL STANDARD BOOK NUMBER |
| International Standard Book Number |
9789945901658 |
| 040 ## - CATALOGING SOURCE |
| Original cataloging agency |
DO-SdBNP |
| Language of cataloging |
spa |
| Transcribing agency |
BPMSU |
| Description conventions |
rda |
| 082 #4 - DEWEY DECIMAL CLASSIFICATION NUMBER |
| Classification number |
338.2097293 |
| Item number |
M938o 2016 |
| Edition number |
22 |
| 100 1# - MAIN ENTRY--PERSONAL NAME |
| Personal name |
Moya Pons, Frank, |
| Dates associated with a name |
1944- |
| Relator term |
autor |
| 245 13 - TITLE STATEMENT |
| Title |
El oro en la historia dominicana / |
| Statement of responsibility, etc. |
Frank Moya Pons ; coordinación, edición e índices: José Chez Checo |
| 264 #4 - PRODUCTION, PUBLICATION, DISTRIBUTION, MANUFACTURE, AND COPYRIGHT NOTICE |
| Place of production, publication, distribution, manufacture |
Santo Domingo : |
| Name of producer, publisher, distributor, manufacturer |
Academia Dominicana de la Historia, |
| Date of production, publication, distribution, manufacture, or copyright notice |
2016. |
| 300 ## - PHYSICAL DESCRIPTION |
| Extent |
414, (37) páginas ; |
| Dimensions |
24 cm. |
| 336 ## - CONTENT TYPE |
| Source |
rdacontent |
| Content type term |
texto |
| Content type code |
txt |
| 337 ## - MEDIA TYPE |
| Source |
rdamedia |
| Media type term |
sin mediación |
| Media type code |
n |
| 338 ## - CARRIER TYPE |
| Source |
rdacarrier |
| Carrier type term |
volumen |
| Carrier type code |
nc |
| 490 0# - SERIES STATEMENT |
| Series statement |
Academia Dominicana de la Historia, |
| Volume/sequential designation |
140 |
| 500 ## - GENERAL NOTE |
| General note |
Incluye índice geográfico e índice onomástico |
| 500 ## - GENERAL NOTE |
| General note |
Incluye referencias bibliográficas y notas a pie de las páginas |
| 504 ## - BIBLIOGRAPHY, ETC. NOTE |
| Bibliography, etc |
Bibliografía : p. 381-392 |
| 505 0# - FORMATTED CONTENTS NOTE |
| Formatted contents note |
Prólogo, 9.-- Primera parte. El oro en los comienzos coloniales. El oro de Europa, 17.-- El oro de los taínos, 22.-- El oro de Colón, 33.-- Las arenas de oro, 44.-- Minería y encomiendas, 52.-- Oro y moneda, 66.-- Las cifras del oro, 71.-- Sin indios no había oro, 79.-- La declinación del oro, 91.-- Segunda parte. Buscando oro por todas partes. Un buscador de oro, 107.-- La nostalgia del oro, 113.-- Los ingleses buscan oro, 118.-- Oro y política en 1844, 129.-- Los americanos quieren oro, 132.-- El Estado fomenta la minería, 142.-- El oro de las concesiones, 148.-- Heureaux y el oro, 155.-- De leyes y concesiones, 163.-- Lavando oro, 167.-- Trujillo y el oro, 177.-- Aluviones de oro, 191.-- Exportaciones de oro, 209.-- Tercera parte. La historia de Pueblo Viejo. Los exploradores italianos, 219.-- La Rosario Dominicana, 233.-- Óxidos, sulfuros y refinería de oro, 273.-- De Rosario Dominicana a Placer Dome, 280.-- Barrick en Pueblo Viejo, 286.-- El Gobierno quiere oro, 318.-- Prospecciones y explotaciones nuevas, 367.-- Nota final, 377.-- Fuentes citadas, 379.-- Índices, 393.-- El autor, 413.-- Apéndice, 415. |
| 590 ## - LOCAL NOTE (RLIN) |
| Local note |
Inventariado, 2024/ VM |
| 650 #4 - SUBJECT ADDED ENTRY--TOPICAL TERM |
| Topical term or geographic name as entry element |
Minas de oro |
| General subdivision |
Historia |
| Geographic subdivision |
República Dominicana |
| 650 #4 - SUBJECT ADDED ENTRY--TOPICAL TERM |
| Topical term or geographic name as entry element |
Industria minera |
| General subdivision |
Historia |
| Geographic subdivision |
República Dominicana |
| 700 1# - ADDED ENTRY--PERSONAL NAME |
| Personal name |
Chez Checo, José |
| Relator term |
edición |
| 910 ## - USER-OPTION DATA (OCLC) |
| User-option data |
VMateo V. Control de calidad BPMSU |
| 942 ## - ADDED ENTRY ELEMENTS (KOHA) |
| Source of classification or shelving scheme |
Dewey Decimal Classification |
| Koha item type |
Libros |